000 00530nam a22001817a 4500
003 OSt
005 20260130020046.0
008 250901b |||||||| |||| 00| 0 eng d
020 _a971-513-168-9.
040 _aDWC-Main Lib.
_cOC
245 _aBasic concepts in nursing 100/
260 _aPhilippines :
_bEducational Publishing House,
_cc2002.
300 _ax, 173 p. ;
_c20 cm.
504 _aIncludes bibliography and indexes.
650 _a1. Nursing.
760 _b1st ed.
942 _2ddc
_cBK - FIL
_e1st ed.
_hFil.
_n0
999 _c4443
_d4443